000 00617nam a2200241Ia 4500
003 OSt
005 20221007081447.0
006 a|||||r|||| 00| 0
007 ta
008 221006b |||||||| |||| 00| 0 eng d
024 _a45,913
037 _cTextual
040 _aFLL
_cFLL
_beng
041 _2eng
_aeng
082 _aZ2,2, R0
100 _aSAXENA Astha Au.
_9697309
245 0 _aLand law in India
250 _a1st South Asian
260 _aNew York
_bRoutledge USA
_c2020
300 _axvii,484p.
_ccm.
942 _hZ2,2, R0
_cTEXL
_2CC
999 _c1163116
_d1163116